| 000 | 02251cam a22004814i 4500 | ||
|---|---|---|---|
| 003 | PE-LiUPU | ||
| 005 | 20250731173449.0 | ||
| 008 | 150623s r 000 0 d | ||
| 020 | _a8470571001 | ||
| 035 | _a(Sirsi) i9788470571008 | ||
| 040 |
_aPE-LiUPU _bspa _cPE-LiUPU _erda |
||
| 049 | _aPRUA | ||
| 082 | 0 | 4 |
_a234.3 _bF34 _221 |
| 100 | 1 |
_aFeiner, Johannes, _eautor. |
|
| 245 | 1 | 0 |
_aFundamentos de la dogmática como historia de la salvación. _n1 / _cJohannes Feiner. |
| 250 | _a3a | ||
| 264 | 1 |
_aMadrid, España : _bEdiciones Cristiandad, _c1981. |
|
| 300 | _a. | ||
| 336 |
_atext _2rdacontent |
||
| 337 |
_aunmediated _2rdamedia |
||
| 338 |
_avolume _2rdacarrier |
||
| 490 | 0 | _aMysterium Salutis. Nanual de Teología como Historia de la Salvación | |
| 505 | 0 | _aTeología fuandamental de la historiza de la salvación. -La revelación. -La presencia de la revelación en la escritura y en la tradición. -La presencia de la revelación por medio de la iglesia. -La fe. -La sabiduría de la teología por el camino de la ciencia. | |
| 526 | _aSEG42 | ||
| 526 | _aSEG41 | ||
| 526 | _aSEG40 | ||
| 526 | _aSEG39 | ||
| 526 | _aP94 | ||
| 526 | _aP87 | ||
| 526 | _aP86 | ||
| 526 | _aP85 | ||
| 526 | _aP77 | ||
| 526 | _aP76 | ||
| 526 | _aP35 | ||
| 942 |
_2ddc _cBOOK |
||
| 949 |
_a230.2 B17 _wDEWEY _c1 _i39733 _lCCODEBUL1 _mBUL _r0 _sY _tBOOK _u2015-6-16 _xTEOLOGIA _zUNKNOWN _0COMPRA _o.CIRCNOTE. No olvidar cambiar la fecha de devolución!!!!!!! _o.STAFF. Colección General |
||
| 949 |
_aRC 234.3 F34 1 _wDEWEY _c1 _i23066 _lCCODEBUL1 _mBUL _r0 _sY _tBOOK _u2015-6-24 _xTEOLOGIA _PP35 _0COMPRA _o.CIRCNOTE. No olvidar cambiar la fecha de devolución!!!!!!! _o.STAFF. Colección General |
||
| 994 |
_aC0 _bPEPRU |
||
| 596 | _a1 | ||
| 999 |
_a230.2 B17 _wDEWEY _c57383 _i39733 _d57383 _f2021-11-9 _g5 _lCCODEBUL1 _mBUL _q2 _r0 _sY _tBOOK _u2015-6-16 _xTEOLOGIA _zUNKNOWN _0COMPRA _o.CIRCNOTE. No olvidar cambiar la fecha de devolución!!!!!!! _o.STAFF. Colección General |
||
| 999 |
_aRC 234.3 F34 1 _wDEWEY _c1 _i23066 _d2018-6-5 _f2021-11-8 _g7 _lCCODEBUL1 _mBUL _q1 _r1 _sY _tBOOK _u2015-6-24 _xTEOLOGIA _PP35 _0COMPRA _o.CIRCNOTE. No olvidar cambiar la fecha de devolución!!!!!!! _o.STAFF. Colección General |
||
| 980 |
_81 _gALBERTO SANCHEZ Responsable de Automatización |
||